An introduction to information theory (Record no. 47799)
[ view plain ]
| 000 -LEADER | |
|---|---|
| fixed length control field | 00501nam a2200145 a 4500 |
| 008 - FIXED-LENGTH DATA ELEMENTS--GENERAL INFORMATION | |
| fixed length control field | 080109s1961 ||||||||||||||||| || u |
| 050 ## - LIBRARY OF CONGRESS CALL NUMBER | |
| Classification number | Q 360 Rez |
| 245 13 - TITLE STATEMENT | |
| Title | An introduction to information theory |
| 246 ## - VARYING FORM OF TITLE | |
| Title proper/short title | Fazlollah M. Reza |
| 250 ## - EDITION STATEMENT | |
| Edition statement | internatio |
| 260 ## - PUBLICATION, DISTRIBUTION, ETC. | |
| Place of publication, distribution, etc. | New York |
| Name of publisher, distributor, etc. | McGraw-Hill |
| Date of publication, distribution, etc. | (1961) |
| 300 ## - PHYSICAL DESCRIPTION | |
| Extent | xxi, 496p. |
| 350 ## - PRICE (NR) (BK AM CF MU VM SE) [OBSOLETE] | |
| Price | 0.00 |
| 995 ## - RECOMMENDATION 995 [LOCAL, UNIMARC FRANCE] | |
| -- | 0.00 |
| -- | CBU-MAIN LIBRARY (Kitwe) |
| -- | 1 |
| -- | 0.00 |
| -- | 1 |
| -- | AVAILABLE |
| -- | Annex Low-Usage Collection |
| Withdrawn status | Lost status | Source of classification or shelving scheme | Damaged status | Not for loan | Home library | Current library | Shelving location | Date acquired | Total Checkouts | Full call number | Barcode | Date last seen | Price effective from | Koha item type |
|---|---|---|---|---|---|---|---|---|---|---|---|---|---|---|
| CBU-MAIN LIBRARY, KITWE. | CBU-MAIN LIBRARY, KITWE. | 11/30/2022 | Q 360 Rez | 011053 | 11/30/2022 | 11/30/2022 | MONOGRAPH |